000 00563nam a2200193Ia 4500
008 151119s9999||||xx |||||||||||||| ||und||
082 _a891.463
082 _bGKKV18325
100 _aडावखरे अरुण
245 _aप्रेमपत्रे तिची
260 _a--
260 _b--
260 _c0
600 _aडावखरे अरुण
630 _aप्रेमपत्रे तिची
700 _aडावखरे अरुण
730 _aप्रेमपत्रे तिची
942 _cBOOK
999 _c1071390
_d1071387